000 00778nam a2200241Ia 4500
003 GCL
008 140319s9999 xx 000 0 ara d
040 _aGCL /
_cGCL
082 0 4 _a350.7
_bع ع
100 1 _aعبدالهادى الجوهرى
245 1 0 _aعلم الاجتماع :الإدارة - مفاهيم وقضايا /
_cعبدالهادى الجوهرى
260 _a[S.N] :
_bدار المعارف ،
_c1987
490 _aسلسلة علم الاجتماع المعاصر
_v0
650 0 4 _aالادارة
650 0 4 _aالتخطيط
650 0 4 _aالتنظيم
650 0 4 _aالاجتماع
650 0 4 _aتطوير
650 0 4 _aالرقابة الادارية
650 0 4 _aتقييم
650 0 4 _aالتوجية الادارى
942 _2ddc
_cBK
999 _c58558
_d58558